Tous les quartiers de Luxembourg-Ville - Statistiques

Statistiques générales
  • Ce quiz a été pris 10 fois
  • Le résultat moyen est 12 sur 24
Statistiques - réponses
Population Quartier % Correct
12815 Belair
80%
11513 Gare
80%
9714 Kirchberg
80%
6441 Merl
80%
6416 Cents
60%
5067 Cessange
60%
10113 Gasperich
60%
1008 Grund
60%
7834 Hollerich
60%
1330 Pfaffenthal
60%
3954 Beggen
40%
4680 Bonnevoie-Nord
40%
13345 Bonnevoie-Sud
40%
1056 Clausen
40%
2956 Eich
40%
11434 Limpertsberg
40%
2482 Mühlenbach
40%
7029 Neudorf/Weimershof
40%
393 Pulvermühl
40%
4724 Rollingergrund/Belair-Nord
40%
2431 Weimerskirch
40%
2951 Dommeldange
20%
1569 Hamm
20%
3509 Ville-Haute
20%
Aucun quiz correspondant
Distribution des résultats
% des personnes avec chaque résultat
Percentile par nombre de réponses
Votre historique - résultats
Vous n’avez pas pris ce quiz